Video games by synonyms - Statistics

General Stats
  • This quiz has been taken 16 times
  • The average score is 6 of 15
Answer Stats
Hint Answer % Correct
amid we Among Us
93%
Inhabitant Malevolent Resident Evil
71%
Assistance desired Help Wanted
57%
crush boys Smash Bros
57%
Expiring illumination Dying Light
50%
Inaudible Mound Silent Hill
50%
Puff of the untamed Breath of the wild
43%
empty warrior Hollow Knight
36%
Deceased area Dead Space
29%
deadly establishment Lethal Company
21%
fight celebrities Brawl Stars
14%
opposed hit Counter Strike
14%
Huge male Mega Man
14%
above search Overwatch
14%
Old band Elden ring
0%
No matching quizzes found
Score Distribution
Percent of People with Each Score
Percentile by Number Answered
Your Score History
You have not taken this quiz